| 000 | 00542nam a2200145Ia 4500 | ||
|---|---|---|---|
| 008 | 150610s9999 xx 000 0 und d | ||
| 020 | _a712970X | ||
| 050 |
_aPR6039 _b.O32 .T649p1 1954 |
||
| 100 | _aTolkien, John Ronald Reuel, 1892-1973 | ||
| 245 | 4 |
_aThe fellowship of the ring / _bbeing the first part of the lord of the rings / _cby J.R.R. Tolkien. |
|
| 260 |
_aGreat Britain : _bHarper Collins, _c1954. |
||
| 300 |
_a398pages ; _c20 cm. |
||
| 440 |
_aThe Lord of the rings ; pt.1 _vv.1 |
||
| 650 |
_aMiddle earth (Imaginary place) _xFiction. |
||
| 999 |
_c287837 _d287837 |
||